banner-ar

الزاهر فى معانى كلمات الناس / (Record no. 41509)

MARC details
000 -الفاتح
حقل البيانات ثابتة الطول 00744nam a2200181Ia 4500
008 - عناصر البيانات ثابتة الطول - معلومات عامة
حقل البيانات ثابتة الطول 140319s9999 xx 000 0 ara d
040 ## - مصدر الفهرسة
وكالة الفهرسة الأصلية GCL /
وكالة النسخ GCL
082 04 - رقم تصنيف ديوى العشرى
رقم التصنيف 413.1
رقم المادة ا ز
100 1# - المدخل الرئيسى - إسم شخصى
الإسم الشخصى ابن الانبارى : ابوبكر محمد بن القاسم محمد بن بشار بن الحسن بن بيان
245 10 - بيان العنوان
العنوان الزاهر فى معانى كلمات الناس /
بيان المسئوليه,etc ابن الانبارى : ابوبكر محمد بن القاسم محمد بن بشار بن الحسن بن بيان
700 1# - المدخل الاضافى - اسم شخصى
الإسم الشخصى صالح الضامن
700 1# - المدخل الاضافى - اسم شخصى
الإسم الشخصى عز الدين البدوى النجار (محقق)
490 ## - بيان السلسلة
عنوان السلسلة
650 04 - المدخل الاضافى بالموضوع-مصطلح موضوعى
مصطلح موضوعي الامثال
650 04 - المدخل الاضافى بالموضوع-مصطلح موضوعى
مصطلح موضوعي اللغة العربية - المعاجم
942 ## - عناصر المدخل الإضافي( كوها)
مصدر التصنيف او مخطط الترفيف Dewey Decimal Classification
Koha [default] item type كتاب
Holdings
حالة التراجع حالة الفقد حالة تلف ليس للاعارة المكان المؤقت الموقع الحالى تاريخ الاكتساب اجمالي اﻻعارات رقم الطلب الباركود تاريخ اخر مشاهدة تاريخ تفعيل السعر نوع وعاء كوها
        مكتبة القاهرة الكبرى مكتبة القاهرة الكبرى 03/26/2014   413.1\ا ز 100264 03/26/2014 03/26/2014 كتاب
        مكتبة القاهرة الكبرى مكتبة القاهرة الكبرى 03/26/2014   413.1\ا ز 100265 03/26/2014 03/26/2014 كتاب
        مكتبة القاهرة الكبرى مكتبة القاهرة الكبرى 03/26/2014   413.1\ا ز 100266 03/26/2014 03/26/2014 كتاب
        مكتبة القاهرة الكبرى مكتبة القاهرة الكبرى 03/26/2014   413.1\ا ز 100267 03/26/2014 03/26/2014 كتاب

Powered By

EGPV